01017nam a2200241Ia 450000500170000000800410001702000180005804000080007605000200008410000230010424501140012725000110024126000370025230000190028933700100030833800140031850000540033250502710038665000320065765000130068970000320070270000410073420231102151428.0121028t1989 mx g 000 0 spa d a970-24-0047-3 eRDA aHG4026 J63 198910aJOHNSON, Robert W.10aAdministración financierac / Robert W. Johnson y Ronald W. Melicher; Traducción Alberto García Mendoza a2a ed. aMéxico : b: Continentalc1989 a706 págInas. atexto asin medio aTitulo original de la obra: Finanlcial management aIntroducción 1. Función del administrador financiero 2. El entorno de la administración financiera 3. Panorama del riesgo y rendimiento de la empresa 4. Análisis financiero 5. Planeación financiera y presupuesto 6. Políticas del capital de trabajo 10aADMINISTRACIÓN FINANCIERA20aFINANZAS10aMELICHER, Ronald Wdcoautor10aGARCÍA MENDOZA, Albertodtraductor